Waste Strategy (Record no. 73822)

MARC details
000 -LEADER
fixed length control field 01019cam a2200229 4500
001 - CONTROL NUMBER
control field ABS67297
008 - FIXED-LENGTH DATA ELEMENTS--GENERAL INFORMATION
fixed length control field 031121n2003 000 0 eng u
035 ## - SYSTEM CONTROL NUMBER
System control number (Sirsi) u124397
100 ## - MAIN ENTRY--PERSONAL NAME
Personal name Williams, I.
245 ## - TITLE STATEMENT
Title Waste Strategy
260 ## - PUBLICATION, DISTRIBUTION, ETC.
Date of publication, distribution, etc. 2003
490 ## - SERIES STATEMENT
Series statement Wastes Management
Volume/sequential designation October 2003, 45-46(2)
520 ## - SUMMARY, ETC.
Summary, etc. Article examines how to implement the "Waste strategy 2000 for England and Wales" (ISBNs 0101469322 and 0101469330). Whilst recognising that this is a difficult task the article provides the reader with a framework with how to implement the strategy and suggests possible solutions. It recommends that initially a critical review and evaluation be performed before writing the waste strategy. Article contains a helpful checklist for authors.
590 ## - LOCAL NOTE (RLIN)
Local note ABS
650 ## - SUBJECT ADDED ENTRY--TOPICAL TERM
Topical term or geographic name entry element WASTE STRATEGY
650 ## - SUBJECT ADDED ENTRY--TOPICAL TERM
Topical term or geographic name entry element RECYCLING
650 ## - SUBJECT ADDED ENTRY--TOPICAL TERM
Topical term or geographic name entry element INDUSTRIAL WASTE
650 ## - SUBJECT ADDED ENTRY--TOPICAL TERM
Topical term or geographic name entry element COMMERCIAL WASTE
650 ## - SUBJECT ADDED ENTRY--TOPICAL TERM
Topical term or geographic name entry element WASTE PLANNING
690 ## - LOCAL SUBJECT ADDED ENTRY--TOPICAL TERM (OCLC, RLIN)
Topical term or geographic name as entry element ENVIRONMENTAL AND LAND CONSULTANCY-WASTE MANAGEMENT
942 ## - ADDED ENTRY ELEMENTS (KOHA)
Suppress in OPAC 0
Holdings
Withdrawn status Lost status Source of classification or shelving scheme Damaged status Not for loan Home library Current library Shelving location Date acquired Total Checkouts Full call number Barcode Date last seen Copy number Price effective from Koha item type
    Dewey Decimal Classification     London London Journal article 21/11/2003   ABS67297 124397-1001 06/08/2019 1 06/08/2019 Journal article